Statistics for New Zealand All Blacks Rugby - 4 Tries or more in a test

Click here to take the quiz!

General Stats

  • This quiz has been taken 466 times
    (39 since last reset)
  • The average score is 10 of 15

Answer Stats

Year Opponent Tries Player % Correct
1995England4Jonah Lomu
100%
2018Australia4Beauden Barrett
83%
2018Italy4Jordie Barrett
83%
1996Scotland4Christian Cullen
78%
1995Japan6Marc Ellis
75%
1997Fiji5Jeff Wilson
75%
1999Samoa4Jeff Wilson
75%
1988Wales4John Kirwan
72%
2005Fiji4Sitiveni Sivivatu
67%
1987Fiji4John Gallagher
53%
2019Tonga4George Bridge
53%
2003Canada4Mils Muliaina
50%
2011Canada4Zac Guildford
47%
1987Fiji4Craig Green
42%
1905England4Duncan McGregor
14%

Score Distribution

Percentile by Number Answered

Percent of People with Each Score

Your Score History

You have not taken this quiz since the last reset